01273cam a22003254i 4500003000900000005001700009008004100026035001900067040003300086082002400119100003200143245005000175264003200225336002100257337002500278338002300303505051900326526000900845526000900854526000900863526000900872526000900881526000900890526000800899526000800907526000800915526000800923526000800931526000800939PE-LiUPU20250731184548.0150625s r 000 0 d a(Sirsi) a32515 aPE-LiUPUbspacPE-LiUPUerda04a980.02bSH/ G822211 aGrigulevich, Losif,eautor.10aLuchadores por la libertad de America Latina. 1aMoscú :bProgreso,c1988. atext2rdacontent aunmediated2rdamedia avolume2rdacarrier0 aIntroducción. - Tupac Amaru.Gran rebelde, Tiradentes ,adelantado de la independencia de Brasil, Toussaint L'Ouverture, Francisco de Miranda: Precursor, Simon Bolivar, Artigas jefe de uruguayos libres, Francisco Morazán Hidalgo, Morelos,Minas, héroes de la guerra, Benito Juárez, José Martí, el insurrecto, Zapata y Villa,Recabarren, Mariátegui, Mella, Sandino: Gral. de hombres libres, Ernesto Che Guevara, Cárdenas, Salvador Allende, Carlos Fonseca, Marinello, El arzobispo Romero, Omar Torrillos. aP136 aP135 aP134 aP133 aP144 aP143 aP87 aP35 aP20 aP14 aP10 aP06